THE ARTICLE 356 OF THE CONSTITUTION OF INDIA AN ANALYTICAL STUDY (Record no. 17928)

MARC details
000 -LEADER
fixed length control field 00270nam a22001217a 4500
003 - CONTROL NUMBER IDENTIFIER
control field SGT
082 ## - DEWEY DECIMAL CLASSIFICATION NUMBER
Classification number 342.094
Item number SUD
100 ## - MAIN ENTRY--PERSONAL NAME
Personal name SUDEEP
245 ## - TITLE STATEMENT
Title THE ARTICLE 356 OF THE CONSTITUTION OF INDIA AN ANALYTICAL STUDY
260 ## - PUBLICATION, DISTRIBUTION, ETC. (IMPRINT)
Year of Publication 2016
300 ## - PAGE DESCRIPTION
No. of Pages 87
942 ## - ADDED ENTRY ELEMENTS (KOHA)
Source of classification or shelving scheme Dewey Decimal Classification
Koha item type Thesis/Dissertation
Holdings
Withdrawn status Lost status Source of classification or shelving scheme Damaged status Not for loan Collection code Home library Current library Date acquired SGTU Full call number Accession No. (Barcode) Date last seen Bill Date Koha item type
    Dewey Decimal Classification   Not For Loan LAW SGT Science & Social Sciences Library SGT Science & Social Sciences Library 22/04/2019 SGTU 342.094 SUD DT2540 22/04/2019 22/04/2019 Thesis/Dissertation